000 00806nam a2200253Ia 4500
003 OSt
005 20220930093231.0
006 a|||||r|||| 00| 0
007 ta
008 220926b |||||||| |||| 00| 0 eng d
024 _a35669
037 _cTheses
040 _aCRL
_cCRL
_beng
041 _2eng
_aeng
100 _aTANDON Shivangini Au.
_9551288
110 _aUniversity of Delhi. Arts. History
_9551289
245 0 _aRemembering Lives in Mughal India
_b Political Culture and Social Life in Indo-Persian Tazkiras, 16th-18th Centuries.
260 _c2016
300 _a161p.
_ap.
_ccm.
700 _a Prof. Farhat Hasan Gu.
_9551290
700 _aUniversity of Delhi. Arts. History
_9551291
942 _cDIS
_2CC
999 _c885055
_d885055